| 000 | 01093nam a22003497a 4500 | ||
|---|---|---|---|
| 001 | BR0401940 | ||
| 003 | BR-BrBNA | ||
| 005 | 20230928101600.0 | ||
| 007 | ta | ||
| 008 | 230509b bl.||||| |||| 00| 0 por d | ||
| 040 |
_aBR-BrBNA _bpor _cBiblioteca Nacional de Agricultura |
||
| 041 | _a(Por) | ||
| 072 |
_aH01; T01; P33 _b3876 _b3870 |
||
| 090 | _ 3876 BR0401940 | ||
| 100 | 1 | _aInoue, M.H. | |
| 110 | 1 |
_aUniversidade Estadual de Maringá, PR (Brasil) _0Tese (Mestrado) _910653 |
|
| 245 | 1 | _aPotencial de lixiviação de herbicidas e dinâmica de Atrazina e Diuron em uma litosseqüência do Estado do Paraná | |
| 260 | 3 |
_aMaringá, PR (Brasil): _c2002. |
|
| 300 | _a74 p. | ||
| 500 | _aSummaries (Eng, Por); Several bibliography; 12 tables; 6 illus. | ||
| 650 | _aHERBICIDA | ||
| 650 | _aPESTICIDA | ||
| 650 | _aCONTAMINAÇÃO | ||
| 650 | _aIMPACTO AMBIENTAL | ||
| 650 | _aLIXIVIAÇÃO | ||
| 650 | _aANÁLISE DO SOLO | ||
| 650 | _aPROPRIEDADE FÍSICO-QUÍMICA | ||
| 650 | _aGRANULOMETRIA | ||
| 650 | _aPARANÁ | ||
| 909 |
_a202309 _bLucia _c55 _dLucia Elande |
||
| 942 | _cBK | ||
| 999 |
_c66542 _d66542 |
||